[Event "Cairo Egyptian op"]
[Site "Cairo"]
[Date "2015.11.22"]
[Round "9"]
[White "Abdel Moneim, Hany M"]
[Black "Adel Lahchaichi, Oussama"]
[Result "1-0"]
[WhiteElo "2156"]
[BlackElo "2271"]
[PlyCount "100"]
[EventDate "2015.11.15"]
[EventType "swiss"]
[EventRounds "11"]
[EventCountry "EGY"]
[SourceTitle "CBM 170 Extra"]
[Source "ChessBase"]
[SourceDate "2016.02.25"]
[SourceVersion "1"]
[SourceVersionDate "2016.02.25"]
[SourceQuality "1"]

1. e4 c5 2. Nf3 Nc6 3. d4 cxd4 4. Nxd4 Nf6 5. Nc3 e5 6. Nf5 d5 7. exd5 Bxf5 8. dxc6 Qxd1+ 9. Nxd1 bxc6 10. Ne3 Be6 11. Ba6 Rb8 12. 0-0 Bc5 13. Nc4 Nd7 14. Re1 f6 15. c3 Bxf2+ 16. Kxf2 Nc5 17. Nxe5 fxe5 18. Rxe5 0-0+ 19. Kg1 Bd5 20. Bf1 Nd7 21. Rg5 Rf6 22. c4 h6 23. Rg3 Be4 24. b3 Rg6 25. Rxg6 Bxg6 26. Be3 a5 27. Rd1 Nf6 28. Bf4 Rb7 29. Rd8+ Kf7 30. Ra8 Rd7 31. Be2 Bb1 32. Rxa5 g5 33. Bc1 Re7 34. Kf1 Be4 35. g3 Bg2+ 36. Kf2 Bh1 37. Bb2 Ne4+ 38. Ke1 c5 39. Bh5+ Ke6 40. Ra6+ Kf5 41. Be2 h5 42. Rh6 g4 43. Rxh5+ Ng5 44. Kd2 Kg6 45. Bxg4 Ne4+ 46. Kc2 Nf2 47. Rh4 Kg5 48. Bc1+ Kg6 49. Bh5+ Kg7 50. Bb2+ Kf8 1-0

[Event "Barcelona Sants op 17th"]
[Site "Barcelona"]
[Date "2015.08.29"]
[Round "9"]
[White "Adel Lahchaichi, Oussama"]
[Black "Riff, Jean Noel"]
[Result "1-0"]
[WhiteElo "2258"]
[BlackElo "2519"]
[PlyCount "53"]
[EventDate "2015.08.21"]
[EventType "swiss"]
[EventRounds "10"]
[EventCountry "ESP"]
[SourceTitle "EXT 2016"]
[Source "ChessBase"]
[SourceDate "2015.10.08"]
[SourceVersion "1"]
[SourceVersionDate "2015.10.08"]
[SourceQuality "1"]

1. c4 e5 2. g3 Nf6 3. Nc3 Bb4 4. Nd5 Be7 5. Bg2 c6 6. Nxf6+ Bxf6 7. e4 d6 8. Ne2 Be6 9. d3 a6 10. 0-0 b5 11. Qc2 Nd7 12. Be3 Rb8 13. b3 h5 14. Rad1 h4 15. cxb5 cxb5 16. d4 hxg3 17. hxg3 Bg5 18. f4 exf4 19. gxf4 Bh6 20. Qd3 Bg4 21. e5 Qe7 22. Rc1 dxe5 23. dxe5 Rd8 24. Nd4 Qh4 25. e6 fxe6 26. Qg6+ Kf8 27. Bf2 1-0

[Event "Barcelona Sants op 17th"]
[Site "Barcelona"]
[Date "2015.08.22"]
[Round "2"]
[White "Burmakin, Vladimir"]
[Black "Adel Lahchaichi, Oussama"]
[Result "1-0"]
[WhiteElo "2558"]
[BlackElo "2258"]
[PlyCount "83"]
[EventDate "2015.08.21"]
[EventType "swiss"]
[EventRounds "10"]
[EventCountry "ESP"]
[SourceTitle "EXT 2016"]
[Source "ChessBase"]
[SourceDate "2015.10.08"]
[SourceVersion "1"]
[SourceVersionDate "2015.10.08"]
[SourceQuality "1"]

1. d4 d5 2. Nf3 c6 3. c4 Nf6 4. Qb3 dxc4 5. Qxc4 Bf5 6. g3 e6 7. Bg2 Nbd7 8. 0-0 Be7 9. Nc3 0-0 10. Re1 Ne4 11. Qb3 Qb6 12. Nh4 Bxh4 13. gxh4 Ndf6 14. f3 Nxc3 15. bxc3 e5 16. e4 Be6 17. Qb2 Qxb2 18. Bxb2 Nd7 19. Ba3 Rfe8 20. Bd6 f6 21. f4 exf4 22. Bxf4 Nb6 23. a4 Nc4 24. a5 Rad8 25. Reb1 Rd7 26. Ra4 Ree7 27. d5 cxd5 28. exd5 Bf5 29. Rxc4 Bxb1 30. d6 Re8 31. Rc7 Rxc7 32. dxc7 Kf7 33. Bxb7 Bf5 34. a6 Ke7 35. c4 Kd7 36. c5 Rc8 37. c6+ Ke7 38. Be3 Kd6 39. Bxa7 Kxc7 40. Be3 Re8 41. a7 Be4 42. Bf4+ 1-0

[Event "Barcelona Sants op 17th"]
[Site "Barcelona"]
[Date "2015.08.21"]
[Round "1"]
[White "Adel Lahchaichi, Oussama"]
[Black "Bernat, Ernest"]
[Result "1-0"]
[WhiteElo "2258"]
[BlackElo "1943"]
[PlyCount "67"]
[EventDate "2015.08.21"]
[EventType "swiss"]
[EventRounds "10"]
[EventCountry "ESP"]
[SourceTitle "EXT 2016"]
[Source "ChessBase"]
[SourceDate "2015.10.08"]
[SourceVersion "1"]
[SourceVersionDate "2015.10.08"]
[SourceQuality "1"]

1. c4 e5 2. g3 Nf6 3. Bg2 Be7 4. Nc3 0-0 5. e4 Nc6 6. Nge2 d6 7. d4 exd4 8. Nxd4 Bg4 9. f3 Bd7 10. 0-0 Re8 11. Be3 Bf8 12. Qd2 a6 13. Rac1 Nxd4 14. Qxd4 c5 15. Qd3 Bc6 16. Rcd1 Qb6 17. Rd2 h6 18. h3 Rad8 19. a3 Qc7 20. g4 Nd7 21. f4 Rb8 22. b4 b5 23. bxc5 Nxc5 24. Bxc5 dxc5 25. Nd5 Qb7 26. e5 Kh8 27. Re1 bxc4 28. Qxc4 Rec8 29. e6 fxe6 30. Rxe6 Qb5 31. Qc3 Qb1+ 32. Kh2 Qb3 33. Qe5 Bxd5 34. Rxh6+ 1-0

[Event "Catalunya-chT"]
[Site "Catalunya"]
[Date "2014.04.05"]
[Round "11.4"]
[White "Marcet Bisbal, Antonio"]
[Black "Adel Lahchaichi, Oussama"]
[Result "1-0"]
[WhiteElo "2316"]
[BlackElo "2213"]
[PlyCount "59"]
[EventDate "2014.01.25"]
[EventType "team"]
[EventRounds "11"]
[EventCountry "ESP"]
[SourceTitle "EXT 2015"]
[Source "ChessBase"]
[SourceDate "2014.11.20"]
[SourceVersion "1"]
[SourceVersionDate "2014.11.20"]
[SourceQuality "1"]
[WhiteTeam "Sitges"]
[BlackTeam "Lleida"]
[WhiteTeamCountry "ESP"]
[BlackTeamCountry "ESP"]

1. d4 Nf6 2. c4 c5 3. d5 b5 4. Nf3 d6 5. Qc2 g6 6. e4 b4 7. a3 a5 8. axb4 cxb4 9. h3 Bg7 10. c5 dxc5 11. Bb5+ Bd7 12. Bc4 0-0 13. Bg5 Qc7 14. Nbd2 e6 15. d6 Qb7 16. e5 Nd5 17. Ne4 Rc8 18. 0-0 Bb5 19. Bxd5 exd5 20. Nf6+ Kh8 21. Rfd1 d4 22. e6 fxe6 23. Ne5 Be8 24. Qc4 Nd7 25. Qxe6 Nxf6 26. Bxf6 Ra6 27. Rxa5 Rxa5 28. d7 Raa8 29. Bxg7+ Kxg7 30. Qe7+ 1-0

[Event "Catalunya-chT"]
[Site "Catalunya"]
[Date "2014.02.22"]
[Round "5.3"]
[White "Almeida Toledano, Daniel"]
[Black "Adel Lahchaichi, Oussama"]
[Result "0-1"]
[WhiteElo "2295"]
[BlackElo "2213"]
[PlyCount "118"]
[EventDate "2014.01.25"]
[EventType "team"]
[EventRounds "11"]
[EventCountry "ESP"]
[SourceTitle "EXT 2015"]
[Source "ChessBase"]
[SourceDate "2014.11.20"]
[SourceVersion "1"]
[SourceVersionDate "2014.11.20"]
[SourceQuality "1"]
[WhiteTeam "Foment Martinenc"]
[BlackTeam "Lleida"]
[WhiteTeamCountry "ESP"]
[BlackTeamCountry "ESP"]

1. e4 c5 2. b3 Nc6 3. Bb2 e5 4. Bc4 Nf6 5. d3 Be7 6. Ne2 d5 7. exd5 Nxd5 8. 0-0 Be6 9. Nbc3 0-0 10. Nxd5 Bxd5 11. f4 Bf6 12. Bxd5 Qxd5 13. Kh1 Nd4 14. f5 Qd7 15. Ng3 Rac8 16. Ne4 Rc6 17. g4 Bd8 18. a4 Qd5 19. Rb1 c4 20. bxc4 Rxc4 21. c3 Nb3 22. Qf3 Rxe4 23. dxe4 Qc4 24. Rbd1 Bg5 25. Qd3 Qxa4 26. Rfe1 h6 27. Qd5 Bf4 28. c4 Qa2 29. Re2 Na5 30. c5 Qa4 31. Bc3 Nc4 32. Qd3 Kh7 33. Ra1 Qb3 34. Rb1 Rd8 35. Qc2 Qxc2 36. Rxc2 Na3 37. Rcb2 Nxb1 38. Rxb1 Rd7 39. Rb2 f6 40. Ra2 Be3 41. Rxa7 Bxc5 42. Ra5 b6 43. Rb5 Rd3 44. Ba5 bxa5 45. Rxc5 a4 46. Kg2 Re3 47. Rc4 a3 48. Ra4 h5 49. gxh5 Kh6 50. Kf2 Rh3 51. Kg2 Rd3 52. Ra7 Re3 53. Ra4 Kxh5 54. Kf2 Rh3 55. Kg2 Rd3 56. Kf2 Kg5 57. Ra7 Kf4 58. Rxg7 a2 59. Ra7 Rd2+ 0-1